• 首页
  • 本馆介绍
  • 公告通知
  • 最新文献
  • 馆藏检索
  • 电子资源
  • 读者导购
  • 参考咨询
  • 我的图书馆
  • 登录
  • 详细信息显示
  • 放入我的书架
  • 预约/预借图书
  • 作者相关作品
  • 分类相关作品
  • 丛书相关作品
  • 出版社相关作品

书目信息

  • 表格格式
  • 工作单格式
  • 卡片格式
题名:
朋友是暖阳
    
 
作者: 童喜喜 著
分册:  
出版信息: 北京   中国盲文出版社  2020.01
页数: 195页
开本: 24cm
丛书名: 童喜喜说写手账
单 册:
中图分类: G624.203
科图分类:
主题词: 口才学--小学--教学参考资料 , 作文课--小学--教学参考资料
电子资源:
ISBN: 978-7-5002-9372-9
000 00949oam2 2200265 450
001 0103152642
005 20201103152729.0
010    @a978-7-5002-9372-9@dCNY40.00
100    @a20191122d2020 em y0chiy0110 ea
101 0  @achi
102    @aCN@b110000
105    @ay z 000yy
106    @ar
200 1  @a朋友是暖阳@Apeng you shi nuan yang@f童喜喜著
210    @a北京@c中国盲文出版社@d2020.01
215    @a195页@d24cm
225 2  @a童喜喜说写手账
330    @a《童喜喜说写手账》系列图书是儿童文学作家童喜喜率领名师团队精心研磨的面向儿童的说写读本。通过“手账”形式,轻松完成阅读、口才、写作的训练,实现深化阅读、精炼口才、轻松写作的三维目标。本书是其中一本,以友情为主题展开说写训练。
461  0 @12001 @a童喜喜说写手账
606 0  @a口才学@x小学@j教学参考资料
606 0  @a作文课@x小学@j教学参考资料
690    @aG624.203@v5
701  0 @a童喜喜@Atong xi xi@4著
801  0 @aCN@bBJSZM@c20201103
905    @b1255241-5@dG624.203@e1017@f5
    
    朋友是暖阳/童喜喜著.-北京:中国盲文出版社,2020.01
    195页;24cm.-(童喜喜说写手账)
    
    
    ISBN 978-7-5002-9372-9:CNY40.00
    《童喜喜说写手账》系列图书是儿童文学作家童喜喜率领名师团队精心研磨的面向儿童的说写读本。通过“手账”形式,轻松完成阅读、口才、写作的训练,实现深化阅读、精炼口才、轻松写作的三维目标。本书是其中一本,以友情为主题展开说写训练。
●
相关链接 在E读中查询图书 在五车中查询图书 在当当中查询图书 在豆瓣中查询图书


正题名:朋友是暖阳     索取号:G624.203/1017         预约/预借

序号 登录号 条形码 馆藏地/架位号 状态 备注
1 1255241   212552414   第一样本阅览室/ [索取号:G624.203/1017] 在馆    
2 1255242   212552423   教育系资料室/ [索取号:G624.203/1017] 在馆    
3 1255243   212552432   教育系资料室/ [索取号:G624.203/1017] 在馆    
4 1255244   212552441   第四借阅区/ [索取号:G624.203/1017] 在馆    
5 1255245   212552450   第四借阅区/ [索取号:G624.203/1017] 在馆    
唐山师范学院图书馆 欢迎您!
大连网信软件有限公司© 版权所有